|
|
|
|
| LEADER |
00670naa a2200169 i 4500 |
| 001 |
misc3077 |
| 005 |
20200430141317.0 |
| 008 |
170607s1913 hu o 0|| hun d |
| 040 |
|
|
|a SZTE Miscellanea Repozitórium
|b hun
|
| 041 |
|
|
|a hun
|
| 100 |
1 |
|
|a Szeremlei Samu
|
| 245 |
1 |
0 |
|a 28. A lakosok családi és történeti jegyzéke
|h [elektronikus dokumentum] :
|b [Kunhegyesi-Magda] /
|c Szeremlei Samu
|
| 260 |
|
|
|c 1913
|
| 300 |
|
|
|a 1059-1066
|
| 490 |
0 |
|
|a Hód-Mező-Vásárhely története : a hon ezer éves fennállása emlékezetére
|v 5
|
| 695 |
|
|
|a Hódmezővásárhely művelődéstörténet
|
| 856 |
4 |
0 |
|u http://misc.bibl.u-szeged.hu/3077/1/hod_005_1059-1066.pdf
|z Dokumentum-elérés
|